| 000 | 00533nam a22001817a 4500 | ||
|---|---|---|---|
| 999 |
_c10057 _d10057 |
||
| 003 | AR-CdUCM | ||
| 008 | 190329b ||||| |||| 00| 0 spa d | ||
| 040 |
_aMUNICIPALIDAD PROVINCIAL DEL CUSCO _cBIBLIOTECA MUNICIPAL DEL CUSCO |
||
| 082 |
_aEP / 800 / _bW68 _24ed. |
||
| 100 |
_aWilde, Oscar _91401 |
||
| 245 | _aCuentos de Oscar Wilde / | ||
| 260 |
_aBuenos Aires , _bAtlanta, _c1958. |
||
| 300 |
_a126 páginas ; _c17 cm. |
||
| 440 |
_aBiblioteca Billiken _9765 |
||
| 650 |
_aCuentos. _9217 |
||
| 942 |
_2ddc _cLIBROS |
||
| 945 | _awfj | ||